Resumen de Pedagogía / (Record no. 126062)

MARC details
000 -LEADER
campo de control de longitud fija 00518nam a2200169 4500
001 - NÚMERO DE CONTROL
campo de control 126062
003 - IDENTIFICADOR DE NÚMERO DE CONTROL
campo de control ES-MaACL
007 - CAMPO FIJO DE DESCRIPCIÓN FÍSICA--INFORMACIÓN GENERAL
campo de control de longitud fija t|
008 - DATOS DE LONGITUD FIJA--INFORMACIÓN GENERAL
campo de control de longitud fija 070214q1912 sp r ||||1| spa d
100 1# - ENTRADA PRINCIPAL--NOMBRE DE PERSONA
Nombre de persona Rein, Wilhelm.
9 (RLIN) 96022
245 10 - MENCIÓN DEL TÍTULO
Título Resumen de Pedagogía /
Mención de responsabilidad, etc. por Wilhelm Rein ; traducción del alemán por Domingo Barnés.
260 ## - PUBLICACIÓN, DISTRIBUCIÓN, ETC.
Lugar de publicación, distribución, etc. Madrid :
Nombre del editor, distribuidor, etc. La Lectura,
Fecha de publicación, distribución, etc. [1912?]
300 ## - DESCRIPCIÓN FÍSICA
Extensión 178 p. ;
Dimensiones 19 cm.
700 1# - ENTRADA AGREGADA--NOMBRE PERSONAL
Nombre de persona Barnés, Domingo,
Fechas asociadas al nombre 1879-1940
9 (RLIN) 25714
852 ## - LOCALIZACIÓN
Ubicación ES-MaACL
Número de control de estantería B-6471
Holdings
Estatus retirado Estado de pérdida Estado de daño No para préstamo Biblioteca de origen Biblioteca actual Ubicación en estantería Fecha de adquisición Fuente de adquisición Total de préstamos Signatura topográfica completa Código de barras Visto por última vez Precio de reemplazo Tipo de ítem Koha
        Biblioteca del Ateneo de Madrid Biblioteca del Ateneo de Madrid Sala Pardo Bazán 17/01/2008     B-6471 1131309 23/02/2023 23/02/2023 Libro impreso